Pánik : veselohra v 1 dejstve /

Uložené v:
Podrobná bibliografia
Hlavný autor: Urbánek, Ferko, 1859-1934 (Author)
Médium: Kniha
Jazyk:Slovak
Vydané: Bratislava ; : Trnava :. Fr. Urbánek a spol., 1924
Edícia:Urbánek, Ferko, 1859-1934 Spisy 6
ISBN: (brož.)
Fyzický popis: 48 s.
Tagy: Pridať tag
Žiadne tagy, Buďte prvý kto otaguje tento záznam!

MARC

LEADER 00000nam a22000002a 4500
001 000546521
005 20170617200657.0
008 000615s1924 xr e slo d
020 |a (brož.) 
040 |a SVKKK  |b slo  |c SVKKK  |e AACR2 
041 0 |a slo 
044 |a xo  |c SK 
100 1 |a Urbánek, Ferko,  |d 1859-1934  |4 aut 
245 1 0 |a Pánik :  |b veselohra v 1 dejstve /  |c Ferko Urbánek. 
260 |a Bratislava ; :  |b Fr. Urbánek a spol.,  |c 1924  |a Trnava :. 
300 |a 48 s. 
490 1 |a Spisy  |v 6 
800 1 |a Urbánek, Ferko,  |d 1859-1934  |t Spisy  |v 6 
910 |a svkkk 
998 |a BK 
090 |g SCKHL  |k Sklad Pribinova prízemie  |a I.4862  |j 86786  |i 2720321963  |s Prezenčne